000 01140nam a22003017a 4500
003 EG-GICUC
005 20260121101155.0
008 251107s1993 ua ||||fr|||| 00| 0 ara d
040 _a EG-GICUC
_bara
_c EG-GICUC
_d EG-GICUC
_erda
041 _aara
082 0 4 _221
_a343.3918
_bأ ح . ق
092 0 4 _221
099 _aLaw1 10 343.3918 1993
100 0 _aأحمد عوض بلال
_eمؤلف.
245 _aقاعدة استبعاد الأدلة المتحصلة بطرق غير مشروعة فى الإجراءات الجنائية المقارنة /
_cأحمد عوض بلال
264 _aالقاهرة :
_bدار النهضة العربية ,
_c1993.
300 _a500 صفحة;
_c24 سم
336 _2rda content
_atext
337 _2rda media
_aComputer
338 _2rda carrier
_aOnline Resource
504 _aيتضمن قائمة مراجع 463-494
546 _aالنص باللغة العربية
650 1 _aقانون جنائي
650 1 _aمشروعية الأدلة الجنائية
856 4 0 _uhttps://fll.law.cu.edu.eg/fulltext/bks/B10-05893.pdf
905 _a44
_eYara
942 _2ddc
_cBK
_e21
_n0
999 _c41683
_d41683